[Event "GER-ch39 V09 email"]
[Site "GER email"]
[Date "2009.01.02"]
[Round "?"]
[White "Heinke, Richard"]
[Black "Looschelders, Willi"]
[Result "1-0"]
[WhiteElo "2155"]
[BlackElo "2283"]
[PlyCount "55"]
[EventDate "2007.??.??"]
[EventType "tourn (corr)"]
[EventRounds "12"]
[EventCountry "GER"]
[SourceTitle "Corr 2011"]
[Source "ChessBase"]
[SourceDate "2010.08.31"]
[SourceVersion "1"]
[SourceVersionDate "2010.08.31"]
[SourceQuality "1"]

1. d4 Nf6 2. c4 e6 3. Nc3 Bb4 4. e3 0-0 5. Bd3 d5 6. Nf3 c5 7. 0-0 Nc6 8. a3 Bxc3 9. bxc3 Qc7 10. Bb2 Na5 11. cxd5 exd5 12. Ne5 c4 13. Bc2 Ne4 14. f3 Nd6 15. a4 f6 16. Ba3 Re8 17. Ng4 Bxg4 18. fxg4 Ne4 19. Bxe4 Rxe4 20. g5 fxg5 21. Ra2 h6 22. Raf2 Nc6 23. Qh5 Rh4 24. Qf7+ Qxf7 25. Rxf7 Rf4 26. Rxb7 Rxf1+ 27. Kxf1 Rb8 28. Rc7 1-0

[Event "GER-ch40 V04 email"]
[Site "GER email"]
[Date "2008.04.28"]
[Round "?"]
[White "Looschelders, Willi"]
[Black "Richter, Marko"]
[Result "1/2-1/2"]
[WhiteElo "2249"]
[BlackElo "2003"]
[PlyCount "40"]
[EventDate "2008.??.??"]
[EventType "tourn (corr)"]
[EventRounds "10"]
[EventCountry "GER"]
[SourceTitle "Corr 2011"]
[Source "ChessBase"]
[SourceDate "2010.08.31"]
[SourceVersion "1"]
[SourceVersionDate "2010.08.31"]
[SourceQuality "1"]

1. d4 d5 2. c4 e6 3. Nf3 Nf6 4. Nc3 Be7 5. Bf4 0-0 6. e3 c5 7. dxc5 Bxc5 8. cxd5 Nxd5 9. Nxd5 exd5 10. a3 Nc6 11. Bd3 Bb6 12. 0-0 d4 13. e4 Bg4 14. h3 Bh5 15. g4 Bg6 16. Nd2 f6 17. Rc1 Ne5 18. Nc4 Re8 19. Nxe5 fxe5 20. Bg3 Rc8 1/2-1/2

[Event "GER-ch40 V04 email"]
[Site "GER email"]
[Date "2008.04.28"]
[Round "?"]
[White "Repp, Heinrich"]
[Black "Looschelders, Willi"]
[Result "1/2-1/2"]
[WhiteElo "2298"]
[BlackElo "2249"]
[PlyCount "85"]
[EventDate "2008.??.??"]
[EventType "tourn (corr)"]
[EventRounds "10"]
[EventCountry "GER"]
[SourceTitle "Corr 2011"]
[Source "ChessBase"]
[SourceDate "2010.08.31"]
[SourceVersion "1"]
[SourceVersionDate "2010.08.31"]
[SourceQuality "1"]

1. e4 c5 2. Nf3 Nc6 3. d4 cxd4 4. Nxd4 Nf6 5. Nc3 e5 6. Ndb5 d6 7. Bg5 a6 8. Na3 b5 9. Bxf6 gxf6 10. Nd5 Bg7 11. Bd3 Ne7 12. Nxe7 Qxe7 13. c4 f5 14. 0-0 0-0 15. Qh5 Rb8 16. exf5 e4 17. Rae1 Bb7 18. Qg4 Kh8 19. Bxe4 Rfe8 20. Bd3 Qxe1 21. f6 Bh6 22. Qh3 Qd2 23. Qf5 Be4 24. Bxe4 Rxe4 25. Qxe4 Qxb2 26. Qd3 b4 27. Nc2 Qxf6 28. Ne3 Bxe3 29. fxe3 Qg6 30. Qd4+ Kg8 31. Rf4 h5 32. h3 b3 33. axb3 Rxb3 34. Re4 Rb8 35. Kh2 Kh7 36. Rf4 Rg8 37. Rf2 a5 38. Qa7 Qg3+ 39. Kg1 Rg7 40. Qxa5 Qxh3 41. Qf5+ Qxf5 42. Rxf5 Kg8 43. Rxh5 1/2-1/2

[Event "GER-ch44 V4 email"]
[Site "GER email"]
[Date "2008.01.20"]
[Round "?"]
[White "Scharf, Wolfgang"]
[Black "Looschelders, Willi"]
[Result "1/2-1/2"]
[WhiteElo "1982"]
[BlackElo "2249"]
[PlyCount "79"]
[EventDate "2008.??.??"]
[EventType "tourn (corr)"]
[EventRounds "10"]
[EventCountry "GER"]
[SourceTitle "Corr 2011"]
[Source "ChessBase"]
[SourceDate "2010.08.31"]
[SourceVersion "1"]
[SourceVersionDate "2010.08.31"]
[SourceQuality "1"]

1. d4 Nf6 2. c4 e6 3. Nf3 b6 4. g3 Ba6 5. b3 Bb4+ 6. Bd2 Be7 7. Bg2 c6 8. 0-0 d5 9. Nc3 Nbd7 10. Bf4 Rc8 11. Rc1 0-0 12. Qd3 Nh5 13. Bd2 Nhf6 14. e4 Nc5 15. dxc5 dxe4 16. Qxd8 Rfxd8 17. Be3 exf3 18. Bxf3 Nd7 19. cxb6 axb6 20. Rfd1 c5 21. Na4 Rb8 22. Bf4 e5 23. Re1 exf4 24. Rxe7 fxg3 25. Rd1 Bb7 26. Bxb7 gxf2+ 27. Kxf2 Rxb7 28. Nxb6 Rxb6 29. Rdxd7 Ra8 30. Ra7 Rf6+ 31. Ke3 Rd8 32. Rad7 Ra8 33. a4 h5 34. Rb7 g6 35. Re5 h4 36. Rxc5 Re8+ 37. Kd3 Rf3+ 38. Kd4 Rf4+ 39. Kc3 Rf2 40. Rcc7 1/2-1/2

[Event "GER-ch39 V05 email"]
[Site "GER email"]
[Date "2007.05.16"]
[Round "?"]
[White "Rau, Manfred"]
[Black "Looschelders, Willi"]
[Result "0-1"]
[WhiteElo "2034"]
[BlackElo "2254"]
[PlyCount "72"]
[EventDate "2007.??.??"]
[EventType "tourn (corr)"]
[EventRounds "10"]
[EventCountry "GER"]
[SourceTitle "Corr 2011"]
[Source "ChessBase"]
[SourceDate "2010.08.31"]
[SourceVersion "1"]
[SourceVersionDate "2010.08.31"]
[SourceQuality "1"]

1. Nf3 Nf6 2. c4 b6 3. g3 c5 4. Bg2 Bb7 5. 0-0 g6 6. b3 Bg7 7. Bb2 0-0 8. Nc3 d6 9. d4 cxd4 10. Qxd4 Nbd7 11. Rfd1 Rc8 12. Qe3 a6 13. Rac1 Re8 14. Ba1 Rc5 15. a4 Qa8 16. Qd2 Rh5 17. Rb1 Nc5 18. b4 Ne6 19. Nd5 Nxd5 20. Bxg7 Ndf4 21. gxf4 Nxg7 22. Rdc1 Rc8 23. Qd1 Rc7 24. e3 Ne8 25. Rc3 Nf6 26. Rbc1 Qc8 27. Qf1 Qg4 28. Nd2 e5 29. h3 Rxh3 30. fxe5 dxe5 31. c5 bxc5 32. bxc5 Bc6 33. Rb1 Rd7 34. Rc2 Kg7 35. a5 Rxd2 36. Rxd2 Bf3 0-1

[Event "GER-ch39 V05 email"]
[Site "GER email"]
[Date "2007.05.16"]
[Round "?"]
[White "Reichgeld, Manfred"]
[Black "Looschelders, Willi"]
[Result "1/2-1/2"]
[WhiteElo "2113"]
[BlackElo "2254"]
[PlyCount "90"]
[EventDate "2007.??.??"]
[EventType "tourn (corr)"]
[EventRounds "10"]
[EventCountry "GER"]
[SourceTitle "Corr 2011"]
[Source "ChessBase"]
[SourceDate "2010.08.31"]
[SourceVersion "1"]
[SourceVersionDate "2010.08.31"]
[SourceQuality "1"]

1. d4 Nf6 2. c4 e6 3. Nf3 b6 4. g3 Ba6 5. Nbd2 Bb4 6. Qc2 Bb7 7. Bg2 Be4 8. Qd1 Bxd2+ 9. Qxd2 0-0 10. 0-0 a5 11. b3 a4 12. Ba3 d6 13. b4 b5 14. cxb5 Qd7 15. Qc1 Qxb5 16. Qxc7 Ra6 17. Rfc1 Qxe2 18. Re1 Qb5 19. Rac1 Bd3 20. Qc3 Nd5 21. Qd2 Rb6 22. Nh4 Bc4 23. Rc2 Rc6 24. Bf3 Nd7 25. Rec1 Rfc8 26. Ng2 N7b6 27. Ne3 R6c7 28. Nd1 Qd7 29. Ne3 Nxe3 30. fxe3 d5 31. Qf2 Rc6 32. Ra1 Bd3 33. Rc5 Nc4 34. Bb2 a3 35. Bc3 Nd6 36. Rc1 f5 37. Qd2 Bc4 38. Qd1 Ne4 39. Rxc6 Qxc6 40. Be1 Qb5 41. Rc2 Rf8 42. Bg2 Qa4 43. Qc1 Nd6 44. Bd2 Qa6 45. Be1 Ne4 1/2-1/2

[Event "GER-ch38 V04 email"]
[Site "GER email"]
[Date "2007.??.??"]
[Round "?"]
[White "Looschelders, Willi"]
[Black "Anderskewitz, Ralf"]
[Result "1/2-1/2"]
[WhiteElo "2280"]
[BlackElo "2036"]
[PlyCount "49"]
[EventDate "2007.??.??"]
[EventType "tourn (corr)"]
[EventRounds "8"]
[EventCountry "GER"]
[SourceTitle "Corr 2008"]
[Source "ChessBase"]
[SourceDate "2008.06.24"]
[SourceVersion "1"]
[SourceVersionDate "2008.06.24"]
[SourceQuality "1"]

1. d4 Nf6 2. c4 e6 3. Nc3 Bb4 4. Qc2 0-0 5. a3 Bxc3+ 6. Qxc3 b6 7. Bg5 Bb7 8. e3 d6 9. f3 Nbd7 10. Bd3 c5 11. Ne2 Rc8 12. 0-0 Ba6 13. b3 h6 14. Bxf6 Qxf6 15. Qd2 d5 16. cxd5 Bxd3 17. Qxd3 exd5 18. Nc3 Qe6 19. Rfe1 Nf6 20. b4 cxd4 21. exd4 Qd7 22. Rac1 Rfe8 23. Ne2 Rxc1 24. Rxc1 a5 25. bxa5 1/2-1/2

[Event "GER-ch38 V04 email"]
[Site "GER email"]
[Date "2007.??.??"]
[Round "?"]
[White "Rohde, Karsten"]
[Black "Looschelders, Willi"]
[Result "1/2-1/2"]
[WhiteElo "2285"]
[BlackElo "2280"]
[PlyCount "70"]
[EventDate "2007.??.??"]
[EventType "tourn (corr)"]
[EventRounds "8"]
[EventCountry "GER"]
[SourceTitle "Corr 2008"]
[Source "ChessBase"]
[SourceDate "2008.06.24"]
[SourceVersion "1"]
[SourceVersionDate "2008.06.24"]
[SourceQuality "1"]

1. e4 c5 2. Nf3 Nc6 3. d4 cxd4 4. Nxd4 Nf6 5. Nc3 e5 6. Ndb5 d6 7. Bg5 a6 8. Na3 b5 9. Nd5 Be7 10. Bxf6 Bxf6 11. c3 0-0 12. Nc2 Bg5 13. a4 bxa4 14. Rxa4 a5 15. Bc4 Ne7 16. 0-0 Nxd5 17. Bxd5 Bd7 18. Ra3 Rb8 19. b3 Kh8 20. Qd3 f5 21. Ne3 fxe4 22. Bxe4 Be6 23. Nd5 Qc8 24. Rxa5 Rxb3 25. Bxh7 Bxd5 26. Qxd5 Rxc3 27. Be4 Qc4 28. g3 Qxd5 29. Rxd5 Be7 30. Rb1 Rfc8 31. Bg6 Rc1+ 32. Rxc1 Rxc1+ 33. Kg2 Rc5 34. Rxc5 dxc5 35. Bf7 Bd8 1/2-1/2

[Event "GER-ch35 final email"]
[Site "GER email"]
[Date "2006.??.??"]
[Round "?"]
[White "Looschelders, Willi"]
[Black "Lange, Lutz"]
[Result "1/2-1/2"]
[WhiteElo "2293"]
[BlackElo "2338"]
[PlyCount "50"]
[EventDate "2006.??.??"]
[EventType "tourn (corr)"]
[EventRounds "15"]
[EventCountry "GER"]
[SourceTitle "Corr 2008"]
[Source "ChessBase"]
[SourceDate "2008.06.24"]
[SourceVersion "1"]
[SourceVersionDate "2008.06.24"]
[SourceQuality "1"]

1. e4 e6 2. d4 d5 3. Nc3 Nf6 4. e5 Nfd7 5. f4 c5 6. Nf3 Nc6 7. Be3 a6 8. Qd2 cxd4 9. Nxd4 Bc5 10. 0-0-0 0-0 11. Qf2 Bxd4 12. Bxd4 b5 13. Be3 Qa5 14. Kb1 b4 15. Ne2 Qc7 16. Nd4 Nxd4 17. Bxd4 a5 18. Rc1 Ba6 19. f5 exf5 20. Qxf5 Bxf1 21. Rhxf1 Rae8 22. c3 b3 23. axb3 Nxe5 24. Rce1 f6 25. Qh5 Qb7 1/2-1/2

[Event "GER-ch37 V4 email"]
[Site "GER email"]
[Date "2005.04.01"]
[Round "?"]
[White "Krueger, Dieter"]
[Black "Looschelders, Willi"]
[Result "0-1"]
[WhiteElo "2158"]
[BlackElo "2294"]
[PlyCount "54"]
[EventDate "2005.04.01"]
[EventType "tourn (corr)"]
[EventRounds "10"]
[EventCountry "GER"]
[SourceTitle "Corr 2020"]
[Source "ChessBase"]
[SourceDate "2019.09.30"]
[SourceVersion "1"]
[SourceVersionDate "2019.09.30"]
[SourceQuality "1"]

1. g3 e5 2. Bg2 d5 3. d3 g6 4. Nd2 Bg7 5. c3 Ne7 6. Qc2 0-0 7. b4 c6 8. Nb3 Na6 9. Bd2 Nf5 10. Nf3 Qe7 11. e4 dxe4 12. dxe4 Nd6 13. Rd1 f5 14. Bg5 Qc7 15. exf5 Bxf5 16. Qd2 Ne4 17. Qc1 Bg4 18. Rd3 Rae8 19. Nbd2 Nxc3 20. Rxc3 e4 21. Re3 exf3 22. Qc4+ Kh8 23. Qxg4 fxg2 24. Rg1 Qd6 25. a3 Nc7 26. Qe2 Qd4 27. Be7 Nd5 0-1